000 01094pam a2200325 a 4500
001 2327
003 FISKH
005 20231117093356.0
008 910730s1992 maua j 000 1 eng
010 _a 91030817
020 _a0316140805 :
020 _a 9780590463621
040 _aDLC
_cDLC
_dDLC
_beng
042 _alcac
050 0 0 _aPZ7.C458
_bRf 1992
082 0 0 _a[Fic]
_220
100 1 _aChristopher, Matt,
_d1917-1997.
245 1 0 _aReturn of the home run kid /
_cby Matt Christopher ; illustrated by Paul Casale.
250 _aFirst Scholastic printing, March 1993
260 _aBoston :
_bScholastic,
_c1992
300 _a168 pages :
_billustrations ;
_c20 cm
505 _aR
520 _aSylvester Coddmyer III is having a dismal baseball season until he takes advice from a mysterious ex-ballplayer named Cheeko and starts to play more aggressively.
521 8 _a740
_bLexile
521 8 _aR
_bRaz-Plus
650 1 _aBaseball
_xFiction.
700 1 _aCasale, Paul,
_eillustrator
906 _a7
_bcbc
_corignew
_d1
_eocip
_f19
_gy-gencatlg
942 _2ddc
_cBK
_n0
999 _c2327
_d2327